00321nam a2200133Ia 4500008004100000041000800041082001500049100001700064245002200081250001400103260002800117300003100145365001100176240624s9999 xx 000 0 und d aeng a658.87 BAJ aBAJAJ CHETAN aRETAIL MANAGEMENT a(2nd ed.) c2014aNew DelhibOxford axix, : 772 : p. : cm. ; 26 cRSb31